000 00315nam a2200157Ia 4500
100 _aBansal/Rashmi
650 _aFiction
942 _cBK
366 _f20
245 _aStay hungry stay foolish
260 _bIIT
_aAhmedabad
_c2008
082 _a808.3
_bBAN
300 _a325
546 _aENGLISH
999 _c33506
_d33506